| 000 | 00777cab a2200241 4500 | ||
|---|---|---|---|
| 001 | WB3405-08 | ||
| 008 | 090401t1998 xxu||||| |||| 00| 0 eng d | ||
| 035 | _a(Sirsi) u83574 | ||
| 041 | _aeng | ||
| 245 | _aWest country boom | ||
| 260 | _c1998 | ||
| 350 | _a0 | ||
| 490 |
_aWestern Morning News _v3 February 1998, 1(1) |
||
| 520 | _aLatest figures from the University of Plymouth Business School reveal that the West Country is undergoing an economic revival. The British Chambers of Commerce Survey reports confidence levels above the national average. | ||
| 650 | _aCONSTRUCTION INDUSTRY | ||
| 650 | _aCORNWALL | ||
| 650 | _aDEVON | ||
| 650 | _aECONOMIC INDICATORS | ||
| 650 | _aRETAIL | ||
| 690 | _aECONOMIC AND SOCIAL | ||
| 942 | _n0 | ||
| 948 | _c05/02/1998 | ||
| 999 |
_c52797 _d52797 |
||